| 000 | 00507nam a2200169Ia 4500 | ||
|---|---|---|---|
| 999 |
_c32152 _d32152 |
||
| 003 | OSt | ||
| 005 | 20200810094827.0 | ||
| 008 | 190216s9999||||xx |||||||||||||| ||und|| | ||
| 040 | _coclc | ||
| 082 |
_a515.63 _bGHO/V |
||
| 100 |
_aGhosh, Ram Krishna _94013 |
||
| 245 | 0 |
_aVector Analysis / _cRam Krishna Ghosh ; K Chandra Maity |
|
| 260 |
_bNew Central Book Agencies, _aKolkata: _c2007. |
||
| 300 | _a354p | ||
| 650 | _aMathematics | ||
| 942 |
_cBK _2ddc _h515.63 _iGHO/V _k515.63 _mGHO/V |
||